书目信息 |
| 题名: |
采矿概论
|
|
| 作者: | 陈国山 主编 | |
| 分册: | ||
| 出版信息: | 北京 冶金工业出版社 2008.01 |
|
| 页数: | 193页 | |
| 开本: | 26cm | |
| 丛书名: | ||
| 单 册: | ||
| 中图分类: | TD8 | |
| 科图分类: | ||
| 主题词: | 矿山开采--kuang shan kai cai--高等学校--教材 | |
| 电子资源: | ||
| ISBN: | 978-7-5024-4417-4 | |
| 000 | 00877nam0 2200253 450 | |
| 001 | 012008804919 | |
| 005 | 20080512162847.81 | |
| 010 | @a978-7-5024-4417-4@dCNY28.00 | |
| 100 | @a20080512d2008 em y0chiy0120 ea | |
| 101 | 0 | @achi |
| 102 | @aCN@b110000 | |
| 105 | @aa a 000yy | |
| 106 | @ar | |
| 200 | 1 | @a采矿概论@Acai kuang gai lun@f陈国山主编@Fchen guo shan zhu bian |
| 210 | @a北京@c冶金工业出版社@d2008.01 | |
| 215 | @a193页@c图@d26cm | |
| 300 | @a高等学校教学用书 | |
| 320 | @a有书目 (第193页) | |
| 330 | @a本书是为非采矿专业编写的教材,是根据采矿专业的行业特点,参照相关专业的特点编写的,适用于选矿技术专业、矿井通风与环保专业、矿山机电专业、冶金技术、材料技术专业。 | |
| 606 | 0 | @a矿山开采@Akuang shan kai cai@x高等学校@j教材 |
| 690 | @aTD8@v4 | |
| 701 | 0 | @a陈国山@Achen guo shan@4主编 |
| 801 | 0 | @aCN@bQSSK@c20080512 |
| 905 | @b711475-77@dTD8@eC426@f3 | |
| 采矿概论/陈国山主编.-北京:冶金工业出版社,2008.01 |
| 193页:图;26cm |
| 高等学校教学用书 |
| ISBN 978-7-5024-4417-4:CNY28.00 |
| 本书是为非采矿专业编写的教材,是根据采矿专业的行业特点,参照相关专业的特点编写的,适用于选矿技术专业、矿井通风与环保专业、矿山机电专业、冶金技术、材料技术专业。 |
| ● |
| 相关链接 |
|
|
|
正题名:采矿概论
索取号:TD8/C426
 
预约/预借
| 序号 | 登录号 | 条形码 | 馆藏地/架位号 | 状态 | 备注 |
| 1 | 711475 | 207114754 | 自科库501/501自科库 21排3列4层/ [索取号:TD8/C426] | 在馆 | |
| 2 | 711476 | 207114763 | 自科库501/501自科库 21排3列4层/ [索取号:TD8/C426] | 在馆 | |
| 3 | 711477 | 207114772 | 自科库501/501自科库 21排3列4层/ [索取号:TD8/C426] | 在馆 |